[Event "FRA T I 120102011"]
[Site "FRA"]
[Date "2010.11.13"]
[Round "2.7"]
[White "Lemiere, Frederic"]
[Black "Van Hoolandt, Patrick"]
[Result "0-1"]
[WhiteElo "2099"]
[BlackElo "2135"]
[PlyCount "60"]
[EventDate "2010.10.17"]
[EventType "team-match"]
[EventRounds "9"]
[EventCountry "FRA"]
[Source "FFE"]
[SourceDate "2010.10.29"]

1. d4 Nf6 2. Nf3 d5 3. e3 Bg4 4. h3 Bh5 5. g4 Bg6 6. Ne5 Nfd7 7. Nxg6 hxg6 8.
c4 e6 9. Qe2 c6 10. Bg2 Be7 11. Nc3 Na6 12. a3 Nc7 13. b4 a6 14. Bb2 Nb6 15.
cxd5 exd5 16. O-O O-O 17. Rad1 Re8 18. Qc2 a5 19. Qb3 Nc4 20. e4 axb4 21. axb4
Qd6 22. Na2 Nxb2 23. Qxb2 dxe4 24. Bxe4 Qf4 25. Bg2 Bd6 26. Rfe1 Nd5 27. Qb3
Qh2+ 28. Kf1 Nf4 29. Rxe8+ Rxe8 30. Qg3 Qxg3 0-1

[Event "FRA T I 120102011"]
[Site "FRA"]
[Date "2010.11.14"]
[Round "3.5"]
[White "Benmesbah, Natacha"]
[Black "Lerch, Patrice"]
[Result "1-0"]
[WhiteElo "2165"]
[BlackElo "2369"]
[PlyCount "58"]
[EventDate "2010.10.17"]
[EventType "team-match"]
[EventRounds "9"]
[EventCountry "FRA"]
[Source "FFE"]
[SourceDate "2010.10.29"]

1. e4 c5 2. Nf3 Nc6 3. Bb5 e6 4. O-O Nge7 5. Re1 a6 6. Bxc6 Nxc6 7. Nc3 d6 8.
d4 cxd4 9. Nxd4 Be7 10. Nxc6 bxc6 11. Qg4 g6 12. Bh6 Rb8 13. Rad1 e5 14. Qe2
Qa5 15. Qc4 Bd7 16. b3 g5 17. Re3 Rb4 18. Qe2 Rg8 19. Rg3 Rg6 20. Qh5 Rd4 21.
Rf1 Be6 22. Nd1 Rxe4 23. Bxg5 Bxg5 24. Rxg5 Bg4 25. Qh4 Bf3 26. Qg3 Bxd1 27.
Rxg6 hxg6 28. b4 Qd5 29. Qh3 Be2 1-0

[Event "FRA T I 120102011"]
[Site "FRA"]
[Date "2010.11.14"]
[Round "3.3"]
[White "Gaudineau, Eric"]
[Black "Crut, Aurelien"]
[Result "1-0"]
[WhiteElo "2330"]
[BlackElo "2320"]
[PlyCount "57"]
[EventDate "2010.10.17"]
[EventType "team-match"]
[EventRounds "9"]
[EventCountry "FRA"]
[Source "FFE"]
[SourceDate "2010.10.29"]

1. e4 e6 2. d4 d5 3. Nc3 Bb4 4. e5 c5 5. a3 Bxc3+ 6. bxc3 Qa5 7. Bd2 Qa4 8. Qb1
c4 9. h4 Nc6 10. h5 h6 11. g3 f6 12. f4 Nge7 13. Bh3 fxe5 14. fxe5 Rf8 15. Ne2
Bd7 16. Nf4 Nf5 17. Ng6 Rf7 18. O-O Nxg3 19. Rxf7 Kxf7 20. Qxb7 Rd8 21. Nf4
Qxc2 22. Bxe6+ Ke7 23. Bxd7 Rxd7 24. Qxc6 Qxd2 25. Qe6+ Kd8 26. Qg8+ Kc7 27.
Ne6+ Kc6 28. Qc8+ Kb6 29. Rb1+ 1-0

[Event "FRA T I 120102011"]
[Site "FRA"]
[Date "2010.11.13"]
[Round "2.5"]
[White "Berouague, Karim"]
[Black "Perez, Flavio"]
[Result "1/2-1/2"]
[WhiteElo "2172"]
[BlackElo "2260"]
[PlyCount "55"]
[EventDate "2010.10.17"]
[EventType "team-match"]
[EventRounds "9"]
[EventCountry "FRA"]
[Source "FFE"]
[SourceDate "2010.10.29"]

1. d4 g6 2. Nf3 Bg7 3. Bf4 d6 4. e3 c6 5. Bc4 b5 6. Bb3 Nf6 7. a4 b4 8. Bc4 a5
9. Nbd2 O-O 10. Qe2 Ba6 11. h3 Nd5 12. Bg3 Nb6 13. Bxa6 Nxa6 14. O-O Qd7 15.
Nb3 Nc7 16. c4 bxc3 17. bxc3 Qe6 18. Nfd2 Ncd5 19. Qd3 f5 20. Rfe1 Qf7 21. f3
Bh6 22. e4 Ne3 23. Bf2 fxe4 24. Qxe4 d5 25. Qd3 Nec4 26. Nf1 Nb2 27. Qe2 N2xa4
28. Qxe7 1/2-1/2

[Event "FRA T I 120102011"]
[Site "FRA"]
[Date "2010.12.11"]
[Round "4.7"]
[White "Blardone, Daniel"]
[Black "Marino, Olivier"]
[Result "1/2-1/2"]
[WhiteElo "1853"]
[BlackElo "2108"]
[PlyCount "56"]
[EventDate "2010.10.17"]
[EventType "team-match"]
[EventRounds "9"]
[EventCountry "FRA"]
[Source "FFE"]
[SourceDate "2010.10.29"]

1. e4 c6 2. d4 d5 3. exd5 cxd5 4. Nf3 Nc6 5. Bf4 Bg4 6. Be2 e6 7. O-O Bd6 8.
Bxd6 Qxd6 9. c3 Nf6 10. Nbd2 O-O 11. Bd3 a6 12. a4 Na5 13. Qc2 g6 14. Ne5 Bf5
15. Ndf3 Bxd3 16. Nxd3 Rfc8 17. Nfe5 Rc7 18. Rfe1 b6 19. h3 Rac8 20. Qe2 Ne4
21. Nb4 Rd7 22. Nbd3 Kg7 23. f3 Ng3 24. Qf2 Nf5 25. g4 Ne7 26. Nb4 Nc4 27. Nxc4
dxc4 28. Nc2 Nd5 {suite illisible} 1/2-1/2

[Event "FRA T I 120102011"]
[Site "FRA"]
[Date "2010.11.13"]
[Round "2.3"]
[White "Lamoureux, Charles"]
[Black "Sanchez, Joseph"]
[Result "0-1"]
[WhiteElo "2363"]
[BlackElo "2517"]
[PlyCount "55"]
[EventDate "2010.10.17"]
[EventType "team-match"]
[EventRounds "9"]
[EventCountry "FRA"]
[Source "FFE"]
[SourceDate "2010.10.29"]

1. e4 c5 2. Nf3 Nc6 3. Nc3 Nf6 4. Bb5 Qc7 5. O-O Nd4 6. Re1 a6 7. Bf1 d6 8. h3
g6 9. a3 Bg7 10. b4 e5 11. bxc5 dxc5 12. a4 O-O 13. Bc4 Be6 14. d3 h6 15. Nd2
Rfe8 16. a5 Rad8 17. Bxe6 Rxe6 18. Nc4 Kh7 19. Bd2 Nc6 20. Na4 Nb4 21. Qb1 Bf8
22. Nab6 Nc6 23. Qc1 Ree8 24. Ne3 Bg7 25. Rb1 Rb8 26. Rf1 Qe7 27. Kh1 Nh5 28.
Ned5 {suite illisible} 0-1

[Event "FRA T I 120102011"]
[Site "FRA"]
[Date "2010.11.14"]
[Round "3.4"]
[White "Alonso Moyano, Jonathan"]
[Black "Colovic, Aleksandar"]
[Result "1-0"]
[WhiteElo "2386"]
[BlackElo "2457"]
[PlyCount "53"]
[EventDate "2010.10.17"]
[EventType "team-match"]
[EventRounds "9"]
[EventCountry "FRA"]
[Source "FFE"]
[SourceDate "2010.10.29"]

1. e4 c5 2. Nc3 d6 3. f4 g6 4. Nf3 Bg7 5. h3 Nc6 6. g4 h5 7. g5 e6 8. d3 Nge7
9. Bg2 Rb8 10. O-O b5 11. Nh4 b4 12. Ne2 d5 13. Ng3 dxe4 14. Nxe4 Nd5 15. c4
bxc3 16. bxc3 O-O 17. Bd2 Nce7 18. Qc1 Qb6 19. Rb1 Qxb1 20. Qxb1 Rxb1 21. Rxb1
Rd8 22. Rb3 e5 23. fxe5 Bxe5 24. Nf3 Bf4 25. c4 Bxd2 26. Nfxd2 Nf4 27. Nxc5 {
suite illisible} 1-0

[Event "FRA T I 120102011"]
[Site "FRA"]
[Date "2010.11.13"]
[Round "2.2"]
[White "Colovic, Aleksandar"]
[Black "Ivanov, Jordan"]
[Result "1/2-1/2"]
[WhiteElo "2457"]
[BlackElo "2449"]
[PlyCount "54"]
[EventDate "2010.10.17"]
[EventType "team-match"]
[EventRounds "9"]
[EventCountry "FRA"]
[Source "FFE"]
[SourceDate "2010.10.29"]

1. d4 Nf6 2. c4 d6 3. Nf3 g6 4. g3 Bg7 5. Bg2 O-O 6. O-O c6 7. Nc3 Qa5 8. Qd2
Qh5 9. Qg5 Qxg5 10. Bxg5 Be6 11. b3 h6 12. Bd2 d5 13. c5 Ne4 14. Rfd1 Nd7 15.
Rac1 Bg4 16. Be1 Nxc3 17. Bxc3 Rfe8 18. h3 Bxf3 19. Bxf3 e5 20. e4 dxe4 21.
Bxe4 Nf6 22. Bg2 e4 23. Re1 Nd5 24. Rxe4 Rxe4 25. Bxe4 Nxc3 26. Rxc3 Bxd4 27.
Rc4 Rd8 1/2-1/2

[Event "FRA T I 120102011"]
[Site "FRA"]
[Date "2010.11.14"]
[Round "3.3"]
[White "Degraeve, Jean Marc"]
[Black "Petkov, Vladimir"]
[Result "1/2-1/2"]
[WhiteElo "2562"]
[BlackElo "2504"]
[PlyCount "53"]
[EventDate "2010.10.17"]
[EventType "team-match"]
[EventRounds "9"]
[EventCountry "FRA"]
[Source "FFE"]
[SourceDate "2010.10.29"]

1. e4 e5 2. Nf3 Nc6 3. Bc4 Bc5 4. O-O Nf6 5. d3 O-O 6. h3 d6 7. c3 a6 8. Bb3
Ba7 9. Nbd2 Ne7 10. Re1 Ng6 11. Nf1 Nh5 12. Bg5 Qe8 13. Be3 Nhf4 14. Bxa7 Rxa7
15. Ne3 Be6 16. h4 Bxb3 17. axb3 Ne7 18. g3 Ne6 19. d4 f6 20. b4 Ra8 21. Qd3 g6
22. Qc4 Nc8 23. dxe5 dxe5 24. Rad1 Nd6 25. Qb3 Kg7 26. Nd5 Rd8 27. Nd2 1/2-1/2

[Event "FRA T I 120102011"]
[Site "FRA"]
[Date "2010.11.13"]
[Round "2.4"]
[White "Fargere, Francois"]
[Black "Cavillon, Fabien"]
[Result "1-0"]
[WhiteElo "2506"]
[BlackElo "2140"]
[PlyCount "54"]
[EventDate "2010.10.17"]
[EventType "team-match"]
[EventRounds "9"]
[EventCountry "FRA"]
[Source "FFE"]
[SourceDate "2010.10.29"]

1. Nf3 e6 2. g3 b6 3. Bg2 Bb7 4. O-O Nf6 5. c4 Be7 6. Nc3 O-O 7. d4 d6 8. Qc2
Nbd7 9. Rd1 Qe8 10. b3 Rc8 11. Bb2 h6 12. Rac1 c6 13. Nd2 a6 14. Qb1 Rc7 15. e4
Qa8 16. Ne2 Re8 17. h3 Bf8 18. e5 dxe5 19. dxe5 Nh7 20. h4 g5 21. Be4 f5 22.
exf6 Ndxf6 23. hxg5 Nxe4 24. Nxe4 hxg5 25. c5 Rce7 26. Nd6 b5 27. Qg6+ Bg7 1-0

[Event "FRA T I 120102011"]
[Site "FRA"]
[Date "2010.11.13"]
[Round "2.5"]
[White "Flear, Christine"]
[Black "Nelis, Jean Francois"]
[Result "1/2-1/2"]
[WhiteElo "2149"]
[BlackElo "2218"]
[PlyCount "54"]
[EventDate "2010.10.17"]
[EventType "team-match"]
[EventRounds "9"]
[EventCountry "FRA"]
[Source "FFE"]
[SourceDate "2010.10.29"]

1. d4 Nf6 2. c4 g6 3. Nc3 d5 4. Bg5 Ne4 5. Qc1 h6 6. Bf4 Nxc3 7. bxc3 Bg7 8. h4
c5 9. e3 cxd4 10. cxd4 Nc6 11. Nf3 Bg4 12. Be2 Qa5+ 13. Kf1 Rc8 14. cxd5 Nxd4
15. Qe1 Qxe1+ 16. Rxe1 Nxe2 17. Rxe2 O-O 18. e4 Rc4 19. Re1 Ra4 20. Ne5 Bxe5
21. Bxe5 Rc8 22. Kg1 Rxa2 23. Bg3 b5 24. Kh2 b4 25. Rc1 b3 26. Rxc8+ Bxc8 27.
Rb1 b2 1/2-1/2

[Event "FRA T I 120102011"]
[Site "FRA"]
[Date "2010.11.14"]
[Round "3.6"]
[White "Milesi, Laurent"]
[Black "Oliveira, Sancho"]
[Result "0-1"]
[WhiteElo "2158"]
[BlackElo "2230"]
[PlyCount "54"]
[EventDate "2010.10.17"]
[EventType "team-match"]
[EventRounds "9"]
[EventCountry "FRA"]
[Source "FFE"]
[SourceDate "2010.10.29"]

1. b3 d5 2. Bb2 Bg4 3. f3 Bf5 4. f4 Nf6 5. Nf3 g6 6. e3 Bg7 7. Be2 O-O 8. O-O
c5 9. h3 Nc6 10. d3 Qd6 11. Qe1 Rae8 12. Nbd2 Bc8 13. Qh4 Nh5 14. Bxg7 Kxg7 15.
g4 Nf6 16. g5 Ng8 17. e4 f6 18. exd5 Qxd5 19. Ne4 b6 20. Rf2 Nd4 21. Nxd4 Qxd4
22. Raf1 f5 23. Nd2 e5 24. c3 Qxc3 25. Nc4 Qd4 26. Qg3 exf4 27. Qh2 Rxe2 0-1

[Event "FRA T I 120102011"]
[Site "FRA"]
[Date "2010.11.13"]
[Round "2.1"]
[White "Prie, Eric"]
[Black "Suarez Real, Alberto"]
[Result "1-0"]
[WhiteElo "2527"]
[BlackElo "2385"]
[PlyCount "54"]
[EventDate "2010.10.17"]
[EventType "team-match"]
[EventRounds "9"]
[EventCountry "FRA"]
[Source "FFE"]
[SourceDate "2010.10.29"]

1. d4 Nf6 2. Bf4 g6 3. Nc3 d5 4. Qd2 Bg7 5. Bh6 O-O 6. O-O-O c5 7. dxc5 Qa5 8.
Bxg7 Kxg7 9. Nf3 Qxc5 10. e3 Bg4 11. Be2 Nc6 12. Nd4 Bxe2 13. Qxe2 Rfd8 14. Nb3
Qb6 15. g4 e6 16. h4 a5 17. a3 a4 18. Nd4 Ne5 19. g5 Nfd7 20. Qb5 Qc7 21. Nxa4
Nc4 22. h5 Rdc8 23. hxg6 hxg6 24. Rh4 Nde5 25. Nc3 Nxa3 26. f4 Nec4 27. bxa3
Rxa3 {suite illisible} 1-0

[Event "FRA T I 120102011"]
[Site "FRA"]
[Date "2010.11.14"]
[Round "3.2"]
[White "Charnushevich, Aliaksei"]
[Black "Abello, Sebastien"]
[Result "1/2-1/2"]
[WhiteElo "2499"]
[BlackElo "2307"]
[PlyCount "51"]
[EventDate "2010.10.17"]
[EventType "team-match"]
[EventRounds "9"]
[EventCountry "FRA"]
[Source "FFE"]
[SourceDate "2010.10.29"]

1. d4 e6 2. Nf3 f5 3. g3 Nf6 4. Bg2 d5 5. O-O Bd6 6. c4 c6 7. b3 Qe7 8. Bb2 b6
9. Nbd2 Bb7 10. Ne5 O-O 11. Rc1 a5 12. Nd3 Nbd7 13. Qc2 Ne4 14. e3 a4 15. Rfd1
axb3 16. axb3 Nxd2 17. Qxd2 Nf6 18. Qc2 Ne4 19. f3 Nf6 20. c5 bxc5 21. Nxc5
Bxc5 22. Qxc5 Qxc5 23. Rxc5 Ra2 24. Rd2 Nd7 25. Rc1 Rb8 26. Rc3 1/2-1/2

[Event "FRA T I 120102011"]
[Site "FRA"]
[Date "2010.11.14"]
[Round "3.4"]
[White "Hamdouchi, Adina Maria"]
[Black "Villegas, Pierre"]
[Result "1-0"]
[WhiteElo "218"]
[BlackElo "2247"]
[PlyCount "51"]
[EventDate "2010.10.17"]
[EventType "team-match"]
[EventRounds "9"]
[EventCountry "FRA"]
[Source "FFE"]
[SourceDate "2010.10.29"]

1. Nf3 d5 2. g3 c6 3. Bg2 Nf6 4. O-O Bf5 5. d3 e6 6. Nbd2 h6 7. c4 Be7 8. Qb3
Qb6 9. Qc2 O-O 10. b3 a5 11. a3 Nbd7 12. Bb2 Rfd8 13. Bc3 Ne8 14. Qb2 Nc5 15.
Rab1 Bf6 16. Bd4 Bxd4 17. Nxd4 Bh7 18. cxd5 cxd5 19. N2f3 Nd6 20. Rfc1 Rdc8 21.
Bh3 Nb5 22. Nxb5 Qxb5 23. b4 axb4 24. Qxb4 Qxb4 25. Rxb4 Rxa3 26. d4 1-0

[Event "FRA T I 120102011"]
[Site "FRA"]
[Date "2010.10.17"]
[Round "1.4"]
[White "Karim, Ismael"]
[Black "Delabaca, Romuald"]
[Result "1/2-1/2"]
[WhiteElo "2360"]
[BlackElo "2229"]
[PlyCount "49"]
[EventDate "2010.10.17"]
[EventType "team-match"]
[EventRounds "9"]
[EventCountry "FRA"]
[Source "FFE"]
[SourceDate "2010.10.29"]

1. e4 e5 2. Nf3 Nc6 3. Bc4 Nf6 4. d3 Be7 5. O-O d6 6. c3 O-O 7. Bb3 Na5 8. Bc2
c5 9. a3 Nc6 10. b4 a6 11. Bb2 d5 12. exd5 Nxd5 13. Nbd2 Bg4 14. Ne4 cxb4 15.
axb4 Rc8 16. h3 Bxf3 17. Qxf3 Nd4 18. cxd4 Rxc2 19. Rab1 Nxb4 20. dxe5 Qxd3 21.
Qg4 Qe2 22. Nf6+ Bxf6 23. Qxb4 Bxe5 24. Ba3 Re8 25. Qxb7 1/2-1/2

[Event "FRA T I 120102011"]
[Site "FRA"]
[Date "2010.12.11"]
[Round "4.2"]
[White "Touzane, Olivier"]
[Black "Midoux, Sebastien"]
[Result "1-0"]
[WhiteElo "2280"]
[BlackElo "2314"]
[PlyCount "50"]
[EventDate "2010.10.17"]
[EventType "team-match"]
[EventRounds "9"]
[EventCountry "FRA"]
[Source "FFE"]
[SourceDate "2010.10.29"]

1. d4 Nf6 2. c4 g6 3. Nc3 d5 4. cxd5 Nxd5 5. e4 Nxc3 6. bxc3 Bg7 7. Nf3 c5 8.
Rb1 O-O 9. Be2 b6 10. O-O Bb7 11. Qd3 e6 12. Qe3 Nd7 13. e5 Qc7 14. Ba3 Rfc8
15. Rfe1 a6 16. h4 Qc6 17. h5 Qe4 18. hxg6 hxg6 19. Qd2 c4 20. Kh2 f6 21. exf6
Nxf6 22. Kg1 b5 23. Be7 Nd5 24. Bd6 Rd8 25. Bg3 Ne7 {suite illisible} 1-0

[Event "FRA T I 120102011"]
[Site "FRA"]
[Date "2010.11.14"]
[Round "3.2"]
[White "Kurmann, Oliver"]
[Black "Ninov, Nikolai"]
[Result "0-1"]
[WhiteElo "2455"]
[BlackElo "2533"]
[PlyCount "48"]
[EventDate "2010.10.17"]
[EventType "team-match"]
[EventRounds "9"]
[EventCountry "FRA"]
[Source "FFE"]
[SourceDate "2010.10.29"]

1. e4 c5 2. Nf3 d6 3. d4 Nf6 4. Nc3 cxd4 5. Nxd4 a6 6. Be3 e6 7. g4 e5 8. Nf5
Nc6 9. h3 h5 10. g5 Nxe4 11. Nxg7+ Bxg7 12. Nxe4 d5 13. Ng3 h4 14. Nh5 d4 15.
Bd2 Qd5 16. Nxg7+ Kf8 17. f3 e4 18. Bg2 e3 19. O-O Qxg5 20. Bb4+ Nxb4 21. Qxd4
Bxh3 22. Ne6+ fxe6 23. Qxh8+ Kf7 24. Qh7+ Kf6 0-1

[Event "FRA T I 120102011"]
[Site "FRA"]
[Date "2010.11.14"]
[Round "3.8"]
[White "Youssoupov, Moisse"]
[Black "Lebel Arias, Julia"]
[Result "1-0"]
[WhiteElo "2128"]
[BlackElo "1936"]
[PlyCount "47"]
[EventDate "2010.10.17"]
[EventType "team-match"]
[EventRounds "9"]
[EventCountry "FRA"]
[Source "FFE"]
[SourceDate "2010.10.29"]

1. d4 g6 2. Bf4 d6 3. e3 c6 4. c3 Bg7 5. Nf3 Nh6 6. Nbd2 f6 7. e4 Nf7 8. h4 e5
9. Be3 Qe7 10. dxe5 dxe5 11. h5 g5 12. Bc4 Be6 13. Qe2 Nd7 14. O-O-O b5 15.
Bxe6 Qxe6 16. Kb1 a5 17. Nh2 a4 18. Qg4 Qxg4 19. Nxg4 Bf8 20. f3 Bc5 21. Nf1
Ke7 22. Bf2 Bxf2 23. Nxf2 Nc5 24. Ng3 {suite illisible} 1-0

[Event "FRA T I 120102011"]
[Site "FRA"]
[Date "2010.11.13"]
[Round "2.2"]
[White "Efimov, Igor"]
[Black "Flear, Glenn C"]
[Result "1/2-1/2"]
[WhiteElo "2408"]
[BlackElo "2495"]
[PlyCount "45"]
[EventDate "2010.10.17"]
[EventType "team-match"]
[EventRounds "9"]
[EventCountry "FRA"]
[Source "FFE"]
[SourceDate "2010.10.29"]

1. e4 e5 2. Nf3 Nc6 3. Bc4 Nf6 4. Ng5 d5 5. exd5 Na5 6. Bb5+ c6 7. dxc6 bxc6 8.
Be2 h6 9. Nh3 Bd6 10. d3 O-O 11. Nc3 Bf5 12. Bf3 Qd7 13. Ng1 Rad8 14. Bd2 Bc7
15. Nge2 c5 16. Ng3 c4 17. Nxf5 Qxf5 18. Be4 Qe6 19. O-O cxd3 20. cxd3 Nc6 21.
Qa4 Nxe4 22. Nxe4 Bb6 23. Be3 1/2-1/2

[Event "FRA T I 120102011"]
[Site "FRA"]
[Date "2010.11.13"]
[Round "2.2"]
[White "Libiszewski, Fabien"]
[Black "Charnushevich, Aliaksei"]
[Result "1/2-1/2"]
[WhiteElo "2496"]
[BlackElo "2499"]
[PlyCount "45"]
[EventDate "2010.10.17"]
[EventType "team-match"]
[EventRounds "9"]
[EventCountry "FRA"]
[Source "FFE"]
[SourceDate "2010.10.29"]

1. e4 c5 2. Nf3 e6 3. d4 cxd4 4. Nxd4 a6 5. Be2 Nf6 6. Nc3 Qc7 7. O-O Nc6 8.
Kh1 Bb4 9. Qd3 Qd6 10. Nxc6 dxc6 11. f4 Qxd3 12. Bxd3 e5 13. fxe5 Nd7 14. Bf4
Bxc3 15. bxc3 Nc5 16. Be3 Na4 17. c4 b5 18. cxb5 cxb5 19. Bd4 Be6 20. c3 Rc8
21. Rf3 O-O 22. Bc2 Rc6 23. Bxa4 1/2-1/2

[Event "FRA T I 120102011"]
[Site "FRA"]
[Date "2010.11.13"]
[Round "2.3"]
[White "Stojanov, Stanislav"]
[Black "Acher, Mathieu"]
[Result "1/2-1/2"]
[WhiteElo "2285"]
[BlackElo "2368"]
[PlyCount "44"]
[EventDate "2010.10.17"]
[EventType "team-match"]
[EventRounds "9"]
[EventCountry "FRA"]
[Source "FFE"]
[SourceDate "2010.10.29"]

1. Nf3 Nc6 2. c4 e5 3. Nc3 d6 4. g3 g6 5. Bg2 Bg7 6. d3 f5 7. O-O Nf6 8. Rb1
O-O 9. b4 h6 10. Nd5 Nxd5 11. cxd5 Ne7 12. Nd2 f4 13. Bb2 Bg4 14. d4 exd4 15.
Nf3 d3 16. Bxg7 dxe2 17. Qxe2 Kxg7 18. Qc4 Qd7 19. Nd4 f3 20. Nxf3 Bxf3 21.
Qc3+ Kh7 22. Bxf3 Rf7 1/2-1/2

[Event "FRA T I 120102011"]
[Site "FRA"]
[Date "2010.11.13"]
[Round "2.5"]
[White "Ravot, Sylvain"]
[Black "Delabaca, Romuald"]
[Result "1/2-1/2"]
[WhiteElo "2275"]
[BlackElo "2232"]
[PlyCount "42"]
[EventDate "2010.10.17"]
[EventType "team-match"]
[EventRounds "9"]
[EventCountry "FRA"]
[Source "FFE"]
[SourceDate "2010.10.29"]

1. d4 d5 2. c4 e6 3. Nf3 Nf6 4. g3 dxc4 5. Bg2 b5 6. a4 c6 7. Ne5 Nd5 8. O-O
Bb7 9. e4 Nf6 10. Nc3 a6 11. d5 Be7 12. dxe6 fxe6 13. Qe2 Qc7 14. Nf3 Nbd7 15.
Bh3 e5 16. Ng5 Nc5 17. f4 h6 18. Nf3 Nd3 19. Nxe5 Nxe5 20. fxe5 Qxe5 21. Rf5
Qd4+ 1/2-1/2

[Event "FRA T I 120102011"]
[Site "FRA"]
[Date "2010.12.11"]
[Round "4.1"]
[White "Alonso Moyano, Jonathan"]
[Black "Llanes Hurtado, Miguel"]
[Result "0-1"]
[WhiteElo "2386"]
[BlackElo "2468"]
[PlyCount "36"]
[EventDate "2010.10.17"]
[EventType "team-match"]
[EventRounds "9"]
[EventCountry "FRA"]
[Source "FFE"]
[SourceDate "2010.10.29"]

1. e4 e6 2. d4 d5 3. Nd2 c5 4. Ngf3 cxd4 5. exd5 Qxd5 6. Bc4 Qd8 7. O-O Nf6 8.
Nb3 Nc6 9. Nbxd4 Nxd4 10. Nxd4 Bc5 11. Nb3 Qxd1 12. Rxd1 Bb6 13. Bd2 Bd7 14.
Bc3 O-O-O 15. Bd4 Bxd4 16. Nxd4 Bc6 17. Nxc6 bxc6 18. f4 Rd4 {suite illisible}
0-1

[Event "FRA T I 120102011"]
[Site "FRA"]
[Date "2010.11.14"]
[Round "3.2"]
[White "Ivanov, Jordan"]
[Black "Lepelletier, Benoit"]
[Result "1/2-1/2"]
[WhiteElo "2449"]
[BlackElo "2422"]
[PlyCount "36"]
[EventDate "2010.10.17"]
[EventType "team-match"]
[EventRounds "9"]
[EventCountry "FRA"]
[Source "FFE"]
[SourceDate "2010.10.29"]

1. d4 e6 2. c4 Bb4+ 3. Bd2 Bxd2+ 4. Qxd2 f5 5. Nc3 Nf6 6. g3 O-O 7. Bg2 d6 8.
Nf3 Nc6 9. Rd1 Qe7 10. O-O e5 11. dxe5 Nxe5 12. b3 Nf7 13. Nd4 c6 14. Qc2 g6
15. e4 fxe4 16. Nxe4 Nxe4 17. Qxe4 Qxe4 18. Bxe4 Bh3 1/2-1/2

[Event "FRA T I 120102011"]
[Site "FRA"]
[Date "2010.11.14"]
[Round "3.1"]
[White "Midoux, Sebastien"]
[Black "Sermier, Guillaume"]
[Result "1/2-1/2"]
[WhiteElo "2314"]
[BlackElo "2402"]
[PlyCount "35"]
[EventDate "2010.10.17"]
[EventType "team-match"]
[EventRounds "9"]
[EventCountry "FRA"]
[Source "FFE"]
[SourceDate "2010.10.29"]

1. e4 e6 2. d4 d5 3. Nd2 c5 4. exd5 Qxd5 5. dxc5 Bxc5 6. Ngf3 Nf6 7. Bc4 Qd8 8.
O-O Nc6 9. Qe2 a6 10. Nb3 Be7 11. c3 Qc7 12. Nbd4 Nxd4 13. Nxd4 O-O 14. Bb3 e5
15. Nc2 e4 16. h3 h6 17. Be3 Bd6 18. Bd4 1/2-1/2

[Event "FRA T I 120102011"]
[Site "FRA"]
[Date "2010.11.14"]
[Round "3.1"]
[White "Llanes Hurtado, Miguel"]
[Black "Prie, Eric"]
[Result "1/2-1/2"]
[WhiteElo "2468"]
[BlackElo "2527"]
[PlyCount "34"]
[EventDate "2010.10.17"]
[EventType "team-match"]
[EventRounds "9"]
[EventCountry "FRA"]
[Source "FFE"]
[SourceDate "2010.10.29"]

1. Nf3 d5 2. c4 c6 3. d4 Nf6 4. Nc3 a6 5. a4 e6 6. g3 dxc4 7. Bg2 c5 8. dxc5
Qxd1+ 9. Nxd1 Nc6 10. Ne3 Bxc5 11. Nxc4 Ke7 12. O-O Rd8 13. Be3 Bxe3 14. Nxe3
Nd5 15. Nc4 Bd7 16. a5 Rac8 17. Rfc1 Be8 1/2-1/2

[Event "FRA T I 120102011"]
[Site "FRA"]
[Date "2010.10.17"]
[Round "1.5"]
[White "Nass, Emile"]
[Black "Minet, Steve"]
[Result "1/2-1/2"]
[WhiteElo "2235"]
[BlackElo "2142"]
[PlyCount "34"]
[EventDate "2010.10.17"]
[EventType "team-match"]
[EventRounds "9"]
[EventCountry "FRA"]
[Source "FFE"]
[SourceDate "2010.10.29"]

1. d4 e6 2. Nf3 c5 3. g3 Nf6 4. Bg2 Nc6 5. c4 d5 6. O-O Be7 7. Nc3 O-O 8. cxd5
Nxd5 9. e4 Nxc3 10. bxc3 Bf6 11. Be3 Qa5 12. Qc2 Bd7 13. e5 Be7 14. Bg5 h6 15.
Bxe7 Nxe7 16. Nd2 cxd4 17. cxd4 Bc6 1/2-1/2

[Event "FRA T I 120102011"]
[Site "FRA"]
[Date "2010.11.14"]
[Round "3.3"]
[White "Acher, Mathieu"]
[Black "Touzane, Olivier"]
[Result "0-1"]
[WhiteElo "2368"]
[BlackElo "2280"]
[PlyCount "32"]
[EventDate "2010.10.17"]
[EventType "team-match"]
[EventRounds "9"]
[EventCountry "FRA"]
[Source "FFE"]
[SourceDate "2010.10.29"]

1. d4 Nf6 2. c4 g6 3. Nc3 Bg7 4. e4 d6 5. Nf3 O-O 6. Be2 e5 7. O-O Nc6 8. d5
Ne7 9. b4 Nh5 10. Re1 f5 11. Nd2 Nf6 12. f3 Bh6 13. Ba3 Be3+ 14. Kh1 f4 15. Bd3
Bd4 16. Rc1 Nh5 {suite illisible} 0-1

[Event "FRA T I 120102011"]
[Site "FRA"]
[Date "2010.11.14"]
[Round "3.1"]
[White "Sanchez, Joseph"]
[Black "Miralles, Gilles"]
[Result "1-0"]
[WhiteElo "2517"]
[BlackElo "2463"]
[PlyCount "32"]
[EventDate "2010.10.17"]
[EventType "team-match"]
[EventRounds "9"]
[EventCountry "FRA"]
[Source "FFE"]
[SourceDate "2010.10.29"]

1. e4 c5 2. Nf3 Nc6 3. d4 cxd4 4. Nxd4 Nf6 5. Nc3 d6 6. Bg5 Bd7 7. Qd2 Rc8 8.
O-O-O Nxd4 9. Qxd4 Qa5 10. Bd2 e5 11. Qe3 Be7 12. Kb1 a6 13. Qg3 Be6 14. Bd3
Nh5 15. Qe3 Nf4 16. a3 Bg5 {suite illisible} 1-0

[Event "FRA T I 120102011"]
[Site "FRA"]
[Date "2010.11.13"]
[Round "2.5"]
[White "Monsieux, Cyril"]
[Black "Diaz, Mickael"]
[Result "1/2-1/2"]
[WhiteElo "2297"]
[BlackElo "2219"]
[PlyCount "27"]
[EventDate "2010.10.17"]
[EventType "team-match"]
[EventRounds "9"]
[EventCountry "FRA"]
[Source "FFE"]
[SourceDate "2010.10.29"]

1. e4 c5 2. b3 Nc6 3. Bb2 e5 4. Bc4 d6 5. Ne2 g6 6. O-O Bg7 7. Nbc3 Nge7 8. Nd5
O-O 9. f4 Rb8 10. a4 a6 11. Nxe7+ Qxe7 12. f5 Qg5 13. Ng3 b5 14. Be2 1/2-1/2

[Event "FRA T I 120102011"]
[Site "FRA"]
[Date "2010.10.17"]
[Round "1.1"]
[White "Prie, Eric"]
[Black "Flear, Glenn C"]
[Result "1/2-1/2"]
[WhiteElo "2526"]
[BlackElo "2494"]
[PlyCount "27"]
[EventDate "2010.10.17"]
[EventType "team-match"]
[EventRounds "9"]
[EventCountry "FRA"]
[Source "FFE"]
[SourceDate "2010.10.29"]

1. d4 d5 2. Bf4 Nf6 3. e3 c5 4. c3 Nc6 5. Nd2 Bf5 6. Ngf3 e6 7. Be2 Qb6 8. Nh4
Be4 9. f3 Bg6 10. Qb3 c4 11. Qxb6 axb6 12. Nxg6 hxg6 13. Kf2 b5 14. a3 1/2-1/2